| Поле | Название | Значение |
| |
Тип записи |
a |
| |
Библиографический уровень |
c |
| 001 |
Контрольный номер |
RU/SLIB/B/208732678 |
| 005 |
Дата корректировки |
20201206204027.9 |
| 010 |
Индекс ISBN |
__ |
| d |
Цена |
40 000-00 |
| 101 |
Язык документа |
__ |
| a |
Язык текста |
rus |
| 200 |
Заглавие и сведения об ответственности |
0_ |
| a |
Заглавие |
Сборник образцов гражданско-правовых документов |
| e |
Сведения, относящиеся к заглавию |
комментарий |
| f |
Первые сведения об ответственности |
под ред. С. Е. Андреева |
| b |
Общее обозначение материала |
Текст |
| 210 |
Выходные данные |
__ |
| a |
Место издания |
М. |
| c |
Издательство |
КноРус |
| d |
Дата издания |
1997 |
| 215 |
Физическое описание |
__ |
| a |
Объем |
416 с. |
| 606 |
Тематические рубрики |
__ |
| a |
Основная рубрика |
Обязательственное право |
| a |
Основная рубрика |
Право |
| y |
Географическая подрубрика |
Россия |
| 610 |
Ключевые слова |
__ |
| a |
Ключевые слова |
правосудие; обязательства; платежи; услуги; патент; изобретения; кооперативы; концерны; арбитраж; комментарии |
| 686 |
Индексы других классификаций |
__ |
| a |
Классификационный индекс |
67.404.2(2Рос) |
| 801 |
Источник записи |
_0 |
| a |
Страна |
RU |
| b |
Организация |
Муниципальное бюджетное учреждение культуры "Централизованная библиотечная система" г. Сургут (Центральная городская библиотека им. А. С. Пушкина) |
| g |
Правила каталогизации |
КиК/Уланова |
| 801 |
Источник записи |
_1 |
| a |
Страна |
RU |
| b |
Организация |
Муниципальное бюджетное учреждение культуры "Централизованная библиотечная система" г. Сургут (Центральная городская библиотека им. А. С. Пушкина) |
| g |
Правила каталогизации |
КиК/Уланова |
| 852 |
Данные о местонахождении |
__ |
| j |
Шифр хранения |
67.404.2(2Рос) |
| c |
Каталожный индекс |
67.404.2(2Рос) |
| i |
Авторский знак |
С 23 |
| p |
Инвентарный номер |
65847 |
| 901 |
Тип документа |
__ |
| t |
Тип документа |
x |
| 969 |
Тип издания |
__ |
| a |
Тип издания |
сборник |
| 990 |
Данные о заказе (DOS) |
__ |
| j |
Количество экземпляров (DOS) |
1 |